=LDR 00000nam 2200000 4500 =001 INLIS000000000020565 =005 20130612115522 =008 ***********************************Ind** =035 ##$$0010-061300000020565 =041 ##$$a Ind =082 ##$$a 321.4 =090 ##$$a 321.4, Dem d =245 ##$$a Demokrasi, klasik dan modern, penerjemah, Hermoyo =260 ##$$a 2005 $b Jakarta =300 ##$$a xvi, 256 hlm, ilus, 23 cm =650 ##$$a Demokrasi =700 ##$$a Hermoyo =850 ##$$a NBPNMAT